Statistics for All 100k+ Cities in United Kingdom

Click here to take the quiz!

General Stats

  • This quiz has been taken 55 times
  • The average score is 53 of 91

Answer Stats

Pop. RankAnswer% Correct
1London
100%
2Birmingham
98%
3Liverpool
98%
9Edinburgh
96%
6Glasgow
96%
7Manchester
96%
38Newcastle
96%
10Leeds
94%
36Aberdeen
92%
5Bristol
90%
4Sheffield
90%
24Belfast
88%
11Cardiff
88%
26Plymouth
88%
37Portsmouth
86%
15Nottingham
84%
29Southampton
82%
66Brighton
78%
13Coventry
78%
60Dundee
78%
18Kingston upon Hull
78%
8Leicester
78%
47Oxford
78%
21Swansea
78%
54York
78%
30Blackpool
76%
50Bournemouth
76%
52Cambridge
76%
42Ipswich
76%
34Norwich
76%
17Reading
76%
14Sunderland
76%
33Northampton
74%
22Bradford
72%
12Stoke-on-Trent
70%
25Derby
68%
63Middlesbrough
68%
75Exeter
66%
28Wolverhampton
66%
73Colchester
64%
78Lincoln
62%
20Newport
62%
51Peterborough
62%
19Preston
62%
61Blackburn
60%
53Doncaster
58%
58Huddersfield
58%
27Luton
58%
90Worcester
58%
64Bolton
56%
56Gloucester
54%
23Southend-on-Sea
54%
31Milton Keynes
52%
71Watford
52%
86Oldham
50%
43Wigan
50%
57Burnley
48%
68Grimsby
48%
40Swindon
48%
79Chesterfield
46%
16Birkenhead
44%
77Cheltenham
44%
91Gillingham
44%
55Poole
44%
80Chelmsford
42%
76Rotherham
42%
69Hastings
40%
83Maidstone
40%
89St Helens
40%
74Eastbourne
38%
49Slough
38%
59Telford
38%
48Warrington
38%
82Basingstoke
36%
41Crawley
36%
65Stockport
34%
88Woking
34%
70High Wycombe
32%
62Basildon
30%
85Bedford
30%
44Croydon
30%
46Mansfield
30%
39Sutton
30%
81Dagenham
20%
84Sutton Coldfield
20%
35Dudley
18%
87Enfield
14%
67West Bromwich
14%
45Walsall
12%
32Bexley
10%
72Burton upon Trent
8%

Score Distribution

Percentile by Number Answered

Percent of People with Each Score

Your Score History

You have not taken this quiz